000 00348nam a2200133Ia 4500
008 240624s9999 xx 000 0 und d
041 _aeng
082 _a364.168 KUM
100 _aKUMAR G RAM
245 _aCYBER CRIMES A PRIMER ON INTERNET THREAT
260 _c2006
_aNew Delhi
_bViva Books
300 _axx, : 156 : p. : cm. ; 21
365 _cRS
_b32
999 _c7623
_d7623